000 00462nam a2200181Ia 4500
005 20250326130139.0
008 250326s9999 xx 000 0 und d
037 _aTextbook
040 _aFMSL
_beng
_cFMSL
041 _aeng
_2eng
084 _aS:7 L0
_qFMSL
100 _aLibert R M
_9740155
245 0 _aPersonality
_cLibert R M
260 _aLondon
_bLondon, Irwin
_c1970
300 _a426p
942 _cTB
_hS:7 L0
999 _c1281162
_d1281162